|
|
|
|
| LEADER |
01958nam a2200469 a 4500 |
| 001 |
nkc20102133519 |
| 003 |
CZ PrNK |
| 005 |
20170406235011.0 |
| 007 |
ta |
| 008 |
101025s2010 xr agi e p 000 0 cze |
| 015 |
|
|
|a cnb002133519
|
| 020 |
|
|
|a 978-80-7251-334-5
|q (brož.)
|
| 035 |
|
|
|a (OCoLC)693938269
|
| 040 |
|
|
|a BOA001
|b cze
|d ABA001
|
| 043 |
|
|
|a e-xr---
|
| 072 |
|
7 |
|a 929.5/.9
|x Genealogie. Heraldika. Šlechta. Vlajky
|2 Konspekt
|9 8
|
| 072 |
|
7 |
|a 37.016
|x Učební osnovy. Vyučovací předměty. Učebnice
|2 Konspekt
|9 22
|
| 080 |
|
|
|a 929.6+929.9
|2 MRF
|
| 080 |
|
|
|a 351.74:929.9
|2 MRF
|
| 080 |
|
|
|a (437.3)
|2 MRF
|
| 080 |
|
|
|a (075.8)
|2 MRF
|
| 100 |
1 |
|
|a Zoubek, Vladimír,
|d 1952-
|7 jn19981002446
|4 aut
|
| 245 |
1 |
0 |
|a Česká státní a policejní symbolika /
|c Vladimír Zoubek
|
| 250 |
|
|
|a Vyd. 1.
|
| 260 |
|
|
|a Praha :
|b Policejní akademie České republiky v Praze,
|c 2010
|
| 300 |
|
|
|a 110 s. :
|b barev. il., noty, erby ;
|c 29 cm
|
| 500 |
|
|
|a Na obálce nad názvem: Policejní akademie České republiky v Praze, Fakulta bezpečnostního managementu, katedra veřejnoprávních disciplín
|
| 500 |
|
|
|a 140 výt.
|
| 504 |
|
|
|a Obsahuje bibliografii a bibliografické odkazy
|
| 650 |
0 |
7 |
|a státní symboly
|7 ph136798
|z Česko
|2 czenas
|
| 650 |
0 |
7 |
|a policejní symbolika
|7 ph612270
|z Česko
|2 czenas
|
| 650 |
0 |
9 |
|a state symbols
|z Czechia
|2 eczenas
|
| 650 |
0 |
9 |
|a police symbols
|z Czechia
|2 eczenas
|
| 655 |
|
7 |
|a učebnice vysokých škol
|7 fd133772
|2 czenas
|
| 655 |
|
9 |
|a textbooks (higher)
|2 eczenas
|
| 710 |
2 |
|
|a Policejní akademie České republiky.
|b Katedra veřejnoprávních disciplín
|7 ko2002159776
|
| 856 |
4 |
1 |
|u http://www.digitalniknihovna.cz/mzk/uuid/uuid:041beca0-ff34-11e6-aa6c-005056827e52
|y Digitalizovaný dokument
|x NDK
|
| 910 |
2 |
|
|a BOA001
|b 4-1251.948
|
| 990 |
|
|
|a BK
|
| 995 |
|
|
|a 01
|
| 991 |
|
|
|b 201011
|c NOV
|e n
|
| 996 |
6 |
|
|b 2610451616
|c 4-1251.948
|l MZK
|r Sklad / do 1 hodiny
|n 5
|p p.v.
|w 001153586
|u 000010
|a 1
|e BOA001
|j MZK50
|s P
|